[Event "Stay Safe Play From Home 395"]
[Site "Emanuel Lasker Arena"]
[Date "2020.08.19"]
[Round "5"]
[White "NTBT_DHS"]
[Black "Lamborghini"]
[Result "1-0"]
[WhiteElo "2502"]
[BlackElo "2334"]
[PlyCount "105"]
[EventDate "2020.08.19"]
[EventType "swiss (blitz)"]

1. d4 {[%emt 0:00:01]} Nf6 {[%emt 0:00:02]} 2. Nc3 {[%emt 0:00:00]} g6 {[%emt 0:00:00]} 3. Bg5 {[%emt 0:00:00]} Bg7 {[%emt 0:00:00]} 4. e4 {[%emt 0:00:00]} O-O {[%emt 0:00:01]} 5. e5 {[%emt 0:00:00]} Ne8 {[%emt 0:00:01]} 6. Qd2 {[%emt 0:00:00]} b5 {[%emt 0:00:03]} 7. Bxb5 {[%emt 0:00:01]} Bb7 {[%emt 0:00:00]} 8. Nf3 {[%emt 0:00:00]} d6 {[%emt 0:00:01]} 9. O-O-O {[%emt 0:00:01]} Nc6 {[%emt 0:00:02]} 10. Rhe1 {[%emt 0:00:02]} a6 {[%emt 0:00:01]} 11. Bxc6 {[%emt 0:00:01]} Bxc6 {[%emt 0:00:01]} 12. exd6 {[%emt 0:00:00]} Nxd6 {[%emt 0:00:03]} 13. Bxe7 {[%emt 0:00:00]} Qb8 {[%emt 0:00:01]} 14. Bxf8 {[%emt 0:00:01]} Nc4 {[%emt 0:00:01]} 15. Ba3 {[%emt 0:00:06]} Nxd2 {[%emt 0:00:02]} 16. Nxd2 {[%emt 0:00:01]} Bxg2 {[%emt 0:00:01]} 17. Kb1 {[%emt 0:00:01]} Qb7 {[%emt 0:00:01]} 18. Nb3 {[%emt 0:00:01]} a5 {[%emt 0:00:01]} 19. Nc5 {[%emt 0:00:01]} Qc6 {[%emt 0:00:01]} 20. d5 {[%emt 0:00:01]} Qb6 {[%emt 0:00:03]} 21. N3a4 {[%emt 0:00:01]} Qb5 {[%emt 0:00:01]} 22. b3 {[%emt 0:00:03]} Rb8 {[%emt 0:00:01]} 23. Bb2 {[%emt 0:00:05]} Bxb2 {[%emt 0:00:04]} 24. Kxb2 {[%emt 0:00:00]} Qb4 {[%emt 0:00:01]} 25. Re7 {[%emt 0:00:06]} Qf4 {[%emt 0:00:01]} 26. Nc3 {[%emt 0:00:05]} Qf6 {[%emt 0:00:02]} 27. Rxc7 {[%emt 0:00:02]} Rd8 {[%emt 0:00:01]} 28. N5a4 {[%emt 0:00:04]} Bf3 {[%emt 0:00:01]} 29. Rd3 {[%emt 0:00:01]} g5 {[%emt 0:00:02]} 30. Rc6 {[%emt 0:00:01]} Qf4 {[%emt 0:00:01]} 31. Nc5 {[%emt 0:00:01]} g4 {[%emt 0:00:01]} 32. d6 {[%emt 0:00:01]} Qe5 {[%emt 0:00:02]} 33. Rc7 {[%emt 0:00:01]} Rxd6 {[%emt 0:00:02]} 34. Re3 {[%emt 0:00:00]} Qf6 {[%emt 0:00:02]} 35. Re8+ {[%emt 0:00:01]} Kg7 {[%emt 0:00:01]} 36. Ree7 {[%emt 0:00:00]} Rd2 {[%emt 0:00:03]} 37. Nd3 {[%emt 0:00:01]} Be4 {[%emt 0:00:03]} 38. Ne5 {[%emt 0:00:01]} Qxe5 {[%emt 0:00:01]} 39. Rxe5 {[%emt 0:00:01]} Rxc2+ {[%emt 0:00:00]} 40. Ka3 {[%emt 0:00:00]} Bg6 {[%emt 0:00:00]} 41. Rec5 {[%emt 0:00:00]} Rxc3 {[%emt 0:00:01]} 42. Rxc3 {[%emt 0:00:01]} h5 {[%emt 0:00:00]} 43. Rg3 {[%emt 0:00:00]} h4 {[%emt 0:00:00]} 44. Rxg4 {[%emt 0:00:00]} Kf6 {[%emt 0:00:01]} 45. Rxh4 {[%emt 0:00:00]} Bf5 {[%emt 0:00:00]} 46. Rh8 {[%emt 0:00:00]} Be6 {[%emt 0:00:01]} 47. Rf8 {[%emt 0:00:00]} Ke5 {[%emt 0:00:00]} 48. Rfxf7 {[%emt 0:00:00]} Kd6 {[%emt 0:00:00]} 49. Rf6 {[%emt 0:00:01]} a4 {[%emt 0:00:00]} 50. Rxe6+ {[%emt 0:00:00]} Kxc7 {[%emt 0:00:00]} 51. h4 {[%emt 0:00:00]} axb3 {[%emt 0:00:00]} 52. axb3 {[%emt 0:00:00]} Kd7 {[%emt 0:00:01]} 53. Rg6 {[%emt 0:00:00] Zeit Zeit Zeit (Lag: Av=0.55s, max=1.4s) (Lag: Av=0.55s, max=1.4s) (Lag: Av=0.55s, max=1.4s)} 1-0

[Event "Stay Safe Play From Home 395"]
[Site "Emanuel Lasker Arena"]
[Date "2020.08.19"]
[Round "5"]
[White "IceQueen"]
[Black "MihailoVujic"]
[Result "0-1"]
[WhiteElo "2403"]
[BlackElo "2144"]
[PlyCount "54"]
[EventDate "2020.08.19"]
[EventType "swiss (blitz)"]

1. e4 {[%emt 0:00:01]} Nc6 {[%emt 0:00:00]} 2. Nc3 {[%emt 0:00:00]} e5 {[%emt 0:00:00]} 3. Nf3 {[%emt 0:00:00]} Nf6 {[%emt 0:00:00]} 4. d4 {[%emt 0:00:00]} exd4 {[%emt 0:00:00]} 5. Nxd4 {[%emt 0:00:00]} Nxe4 {[%emt 0:00:00]} 6. Nxe4 {[%emt 0:00:02]} Qe7 {[%emt 0:00:01]} 7. f3 {[%emt 0:00:07]} d5 {[%emt 0:00:01]} 8. Bb5 {[%emt 0:00:01]} Bd7 {[%emt 0:00:01]} 9. O-O {[%emt 0:00:01]} dxe4 {[%emt 0:00:02]} 10. fxe4 {[%emt 0:00:00]} Nxd4 {[%emt 0:00:02]} 11. Qxd4 {[%emt 0:00:06]} Bxb5 {[%emt 0:00:01]} 12. Rf5 {[%emt 0:00:00]} Bd7 {[%emt 0:00:04]} 13. Re5 {[%emt 0:00:04]} Be6 {[%emt 0:00:00]} 14. Bf4 {[%emt 0:00:01]} Rd8 {[%emt 0:00:05]} 15. Qxa7 {[%emt 0:00:03]} f6 {[%emt 0:00:02]} 16. Ra5 {[%emt 0:00:04]} g5 {[%emt 0:00:07]} 17. Bg3 {[%emt 0:00:01]} b6 {[%emt 0:00:06]} 18. Ra4 {[%emt 0:00:01]} Qc5+ {[%emt 0:00:03]} 19. Bf2 {[%emt 0:00:04]} Qxc2 {[%emt 0:00:03]} 20. h3 {[%emt 0:00:02]} Rd1+ {[%emt 0:00:01]} 21. Rxd1 {[%emt 0:00:01]} Qxd1+ {[%emt 0:00:00]} 22. Kh2 {[%emt 0:00:01]} Bd6+ {[%emt 0:00:00]} 23. g3 {[%emt 0:00:02]} O-O {[%emt 0:00:03]} 24. Qa6 {[%emt 0:00:03]} Qf3 {[%emt 0:00:01]} 25. Qf1 {[%emt 0:00:01]} g4 {[%emt 0:00:02]} 26. h4 {[%emt 0:00:01]} Bc5 {[%emt 0:00:01]} 27. Kg1 {[%emt 0:00:03]} Qxg3+ {[%emt 0:00:01] IceQueen resigns IceQueen resigns IceQueen resigns (Lag: Av=0.61s, max=0.8s) (Lag: Av=0.61s, max=0.8s) (Lag: Av=0.61s, max=0.8s)} 0-1

[Event "Stay Safe Play From Home 395"]
[Site "Emanuel Lasker Arena"]
[Date "2020.08.19"]
[Round "5"]
[White "Mepe_Nika"]
[Black "Fred58300"]
[Result "1-0"]
[WhiteElo "2294"]
[BlackElo "1536"]
[Annotator "NA"]
[PlyCount "35"]
[EventDate "2020.08.19"]
[EventType "swiss (blitz)"]

1. d4 {[%emt 0:00:01]} Nf6 {[%emt 0:00:04]} 2. Bf4 {[%emt 0:00:01]} e6 {[%emt 0:00:02]} 3. e3 {[%emt 0:00:01]} c5 {[%emt 0:00:02]} 4. c3 {[%emt 0:00:01]} cxd4 {[%emt 0:00:03]} 5. cxd4 {[%emt 0:00:01]} Nc6 {[%emt 0:00:02]} 6. Nc3 {[%emt 0:00:01]} d5 {[%emt 0:00:02]} 7. Nf3 {[%emt 0:00:01]} Bd6 {[%emt 0:00:02]} 8. Bxd6 {[%emt 0:00:02]} Qxd6 {[%emt 0:00:02]} 9. Bd3 {[%emt 0:00:00]} Bd7 {[%emt 0:00:03]} 10. O-O {[%emt 0:00:00]} O-O {[%emt 0:00:02]} 11. Rc1 {[%emt 0:00:00]} a6 {[%emt 0:00:04]} 12. Bb1 {[%emt 0:00:00]} b5 {[%emt 0:00:03]} 13. Qd3 {[%emt 0:00:01]} Rab8 {[%emt 0:00:02]} 14. Nd2 {[%emt 0:00:01]} Nb4 {[%emt 0:00:03]} 15. Qe2 {[%emt 0:00:01]} Bc6 {[%emt 0:00:03]} 16. a3 {[%emt 0:00:01]} Rfc8 {[%emt 0:00:08]} 17. axb4 {[%emt 0:00:01]} Qxb4 {[%emt 0:00:05]} 18. Qd3 {[%emt 0:00:04] TimeB TimeB TimeB} 1-0

[Event "Stay Safe Play From Home 395"]
[Site "Emanuel Lasker Arena"]
[Date "2020.08.19"]
[Round "5"]
[White "Hickey"]
[Black "Tran Minh Thang"]
[Result "0-1"]
[WhiteElo "2230"]
[BlackElo "2494"]
[PlyCount "100"]
[EventDate "2020.08.19"]
[EventType "swiss (blitz)"]

1. Nf3 {[%emt 0:00:02]} Nf6 {[%emt 0:00:01]} 2. g3 {[%emt 0:00:00]} b6 {[%emt 0:00:00]} 3. Bg2 {[%emt 0:00:00]} Bb7 {[%emt 0:00:00]} 4. O-O {[%emt 0:00:00]} e6 {[%emt 0:00:00]} 5. d4 {[%emt 0:00:01]} Be7 {[%emt 0:00:00]} 6. c4 {[%emt 0:00:01]} O-O {[%emt 0:00:00]} 7. Nc3 {[%emt 0:00:00]} Ne4 {[%emt 0:00:00]} 8. Nxe4 {[%emt 0:00:01]} Bxe4 {[%emt 0:00:00]} 9. b3 {[%emt 0:00:00]} d5 {[%emt 0:00:01]} 10. Bb2 {[%emt 0:00:01]} Nc6 {[%emt 0:00:01]} 11. Rc1 {[%emt 0:00:01]} Bf6 {[%emt 0:00:03]} 12. cxd5 {[%emt 0:00:01]} Qxd5 {[%emt 0:00:00]} 13. e3 {[%emt 0:00:12]} Rfd8 {[%emt 0:00:04]} 14. Qe2 {[%emt 0:00:01]} Nb4 {[%emt 0:00:02]} 15. Rfd1 {[%emt 0:00:06]} Nxa2 {[%emt 0:00:02]} 16. Rxc7 {[%emt 0:00:01]} Nb4 {[%emt 0:00:07]} 17. Ne1 {[%emt 0:00:09]} Rdc8 {[%emt 0:00:03]} 18. Bxe4 {[%emt 0:00:02]} Qxe4 {[%emt 0:00:01]} 19. Rdc1 {[%emt 0:00:01]} Rxc7 {[%emt 0:00:02]} 20. Rxc7 {[%emt 0:00:00]} Nd5 {[%emt 0:00:01]} 21. Rc4 {[%emt 0:00:02]} a5 {[%emt 0:00:04]} 22. Qd3 {[%emt 0:00:01]} Qxd3 {[%emt 0:00:02]} 23. Nxd3 {[%emt 0:00:00]} b5 {[%emt 0:00:00]} 24. Rc5 {[%emt 0:00:01]} a4 {[%emt 0:00:01]} 25. Rxb5 {[%emt 0:00:01]} a3 {[%emt 0:00:00]} 26. Ba1 {[%emt 0:00:00]} Rc8 {[%emt 0:00:01]} 27. Rc5 {[%emt 0:00:01]} Rb8 {[%emt 0:00:01]} 28. b4 {[%emt 0:00:02]} Be7 {[%emt 0:00:01]} 29. Ra5 {[%emt 0:00:02]} Nxb4 {[%emt 0:00:01]} 30. Rxa3 {[%emt 0:00:02]} Nc2 {[%emt 0:00:00]} 31. Ra7 {[%emt 0:00:04]} Bf8 {[%emt 0:00:07]} 32. Kg2 {[%emt 0:00:01]} Rb3 {[%emt 0:00:04]} 33. Bc3 {[%emt 0:00:01]} Rxc3 {[%emt 0:00:01]} 34. Ne5 {[%emt 0:00:00]} Ne1+ {[%emt 0:00:01]} 35. Kf1 {[%emt 0:00:01]} Nd3 {[%emt 0:00:01]} 36. Nxf7 {[%emt 0:00:01]} h6 {[%emt 0:00:02]} 37. Ne5 {[%emt 0:00:00]} Nxe5 {[%emt 0:00:01]} 38. dxe5 {[%emt 0:00:00]} Rc1+ {[%emt 0:00:00]} 39. Ke2 {[%emt 0:00:01]} Rc5 {[%emt 0:00:00]} 40. f4 {[%emt 0:00:00]} Rc2+ {[%emt 0:00:00]} 41. Kf3 {[%emt 0:00:00]} Rxh2 {[%emt 0:00:00]} 42. Rb7 {[%emt 0:00:00]} Rc2 {[%emt 0:00:00]} 43. Rb8 {[%emt 0:00:00]} Rc6 {[%emt 0:00:01]} 44. Re8 {[%emt 0:00:00]} Kf7 {[%emt 0:00:00]} 45. Ra8 {[%emt 0:00:00]} Rc3 {[%emt 0:00:00]} 46. Ra7+ {[%emt 0:00:00]} Be7 {[%emt 0:00:00]} 47. Ra6 {[%emt 0:00:00]} Kg6 {[%emt 0:00:00]} 48. Rxe6+ {[%emt 0:00:00]} Kf7 {[%emt 0:00:00]} 49. Rxe7+ {[%emt 0:00:00]} Kxe7 {[%emt 0:00:01]} 50. f5 {[%emt 0:00:00]} Kf8 {[%emt 0:00:00] Time Time Time (Lag: Av=0.95s, max=1.5s) (Lag: Av=0.95s, max=1.5s) (Lag: Av=0.95s, max=1.5s)} 0-1

[Event "Stay Safe Play From Home 395"]
[Site "Emanuel Lasker Arena"]
[Date "2020.08.19"]
[Round "5"]
[White "Fat Kevin"]
[Black "AChessPlayer"]
[Result "1/2-1/2"]
[WhiteElo "2053"]
[BlackElo "2412"]
[PlyCount "163"]
[EventDate "2020.08.19"]
[EventType "swiss (blitz)"]

1. d4 {[%emt 0:00:01]} Nf6 {[%emt 0:00:01]} 2. c4 {[%emt 0:00:00]} d6 {[%emt 0:00:00]} 3. Nc3 {[%emt 0:00:00]} Nbd7 {[%emt 0:00:00]} 4. Nf3 {[%emt 0:00:00]} e5 {[%emt 0:00:01]} 5. e3 {[%emt 0:00:01]} Be7 {[%emt 0:00:00]} 6. Bd3 {[%emt 0:00:01]} O-O {[%emt 0:00:00]} 7. O-O {[%emt 0:00:00]} Re8 {[%emt 0:00:00]} 8. Qc2 {[%emt 0:00:01]} c6 {[%emt 0:00:00]} 9. Re1 {[%emt 0:00:02]} Qc7 {[%emt 0:00:01]} 10. Bd2 {[%emt 0:00:02]} Bf8 {[%emt 0:00:00]} 11. Rac1 {[%emt 0:00:01]} g6 {[%emt 0:00:03]} 12. e4 {[%emt 0:00:02]} Bg7 {[%emt 0:00:01]} 13. d5 {[%emt 0:00:01]} a5 {[%emt 0:00:00]} 14. a3 {[%emt 0:00:01]} Nc5 {[%emt 0:00:01]} 15. b4 {[%emt 0:00:01]} axb4 {[%emt 0:00:01]} 16. axb4 {[%emt 0:00:00]} Nxd3 {[%emt 0:00:00]} 17. Qxd3 {[%emt 0:00:01]} Nd7 {[%emt 0:00:04]} 18. Be3 {[%emt 0:00:02]} Rf8 {[%emt 0:00:06]} 19. Nh4 {[%emt 0:00:02]} Bf6 {[%emt 0:00:04]} 20. Nf3 {[%emt 0:00:01]} Bg7 {[%emt 0:00:01]} 21. Nh4 {[%emt 0:00:01]} Ra3 {[%emt 0:00:01]} 22. c5 {[%emt 0:00:02]} cxd5 {[%emt 0:00:04]} 23. exd5 {[%emt 0:00:07]} Qb8 {[%emt 0:00:01]} 24. Qc4 {[%emt 0:00:02]} f5 {[%emt 0:00:04]} 25. Nb5 {[%emt 0:00:01]} Ra6 {[%emt 0:00:02]} 26. Nxd6 {[%emt 0:00:01]} Rxd6 {[%emt 0:00:01]} 27. cxd6 {[%emt 0:00:01]} e4 {[%emt 0:00:00]} 28. Bc5 {[%emt 0:00:01]} b6 {[%emt 0:00:01]} 29. Bd4 {[%emt 0:00:01]} Bh6 {[%emt 0:00:02]} 30. Be3 {[%emt 0:00:02]} f4 {[%emt 0:00:01]} 31. Bd4 {[%emt 0:00:01]} f3 {[%emt 0:00:01]} 32. Rc3 {[%emt 0:00:04]} Bd2 {[%emt 0:00:03]} 33. Rec1 {[%emt 0:00:01]} Bxc3 {[%emt 0:00:00]} 34. Rxc3 {[%emt 0:00:00]} Qxd6 {[%emt 0:00:00]} 35. gxf3 {[%emt 0:00:01]} Ne5 {[%emt 0:00:02]} 36. Qe2 {[%emt 0:00:02]} Nxf3+ {[%emt 0:00:02]} 37. Nxf3 {[%emt 0:00:00]} exf3 {[%emt 0:00:00]} 38. Rxf3 {[%emt 0:00:00]} Qxd5 {[%emt 0:00:01]} 39. Rxf8+ {[%emt 0:00:03]} Kxf8 {[%emt 0:00:00]} 40. Bc3 {[%emt 0:00:02]} Bb7 {[%emt 0:00:01]} 41. f3 {[%emt 0:00:01]} Qxf3 {[%emt 0:00:01]} 42. Qxf3+ {[%emt 0:00:00]} Bxf3 {[%emt 0:00:00]} 43. Kf2 {[%emt 0:00:00]} Bb7 {[%emt 0:00:00]} 44. b5 {[%emt 0:00:01]} Bd5 {[%emt 0:00:01]} 45. Bd4 {[%emt 0:00:00]} Bc4 {[%emt 0:00:00]} 46. Bxb6 {[%emt 0:00:00]} Bxb5 {[%emt 0:00:00]} 47. Bc5+ {[%emt 0:00:00]} Kf7 {[%emt 0:00:00]} 48. Bd4 {[%emt 0:00:00]} h5 {[%emt 0:00:00]} 49. Kg3 {[%emt 0:00:00]} Ke6 {[%emt 0:00:00]} 50. h4 {[%emt 0:00:00]} Kf5 {[%emt 0:00:00]} 51. Be3 {[%emt 0:00:00]} Bd3 {[%emt 0:00:00]} 52. Bg5 {[%emt 0:00:00]} Be4 {[%emt 0:00:00]} 53. Bh6 {[%emt 0:00:01]} Bc2 {[%emt 0:00:00]} 54. Bg5 {[%emt 0:00:00]} Bd1 {[%emt 0:00:00]} 55. Bh6 {[%emt 0:00:00]} Bg4 {[%emt 0:00:00]} 56. Bg5 {[%emt 0:00:00]} Ke4 {[%emt 0:00:00]} 57. Bh6 {[%emt 0:00:00]} Kf5 {[%emt 0:00:00]} 58. Bg5 {[%emt 0:00:00]} Ke5 {[%emt 0:00:00]} 59. Bh6 {[%emt 0:00:00]} Ke4 {[%emt 0:00:01]} 60. Bg5 {[%emt 0:00:00]} Bf5 {[%emt 0:00:00]} 61. Bh6 {[%emt 0:00:00]} Kd3 {[%emt 0:00:00]} 62. Bg5 {[%emt 0:00:00]} Kc4 {[%emt 0:00:00]} 63. Bh6 {[%emt 0:00:00]} Kd5 {[%emt 0:00:00]} 64. Bg5 {[%emt 0:00:00]} Kd6 {[%emt 0:00:00]} 65. Bh6 {[%emt 0:00:00]} Ke6 {[%emt 0:00:00]} 66. Bg5 {[%emt 0:00:00]} Ke5 {[%emt 0:00:00]} 67. Bh6 {[%emt 0:00:00]} Ke4 {[%emt 0:00:00]} 68. Bg5 {[%emt 0:00:01]} Kd4 {[%emt 0:00:00]} 69. Bh6 {[%emt 0:00:00]} Kd5 {[%emt 0:00:00]} 70. Bg5 {[%emt 0:00:00]} Ke6 {[%emt 0:00:00]} 71. Bh6 {[%emt 0:00:00]} Kf7 {[%emt 0:00:00]} 72. Bg5 {[%emt 0:00:00]} Kg8 {[%emt 0:00:00]} 73. Bf4 {[%emt 0:00:00]} Kh7 {[%emt 0:00:00]} 74. Bg5 {[%emt 0:00:00]} Kg7 {[%emt 0:00:00]} 75. Bf4 {[%emt 0:00:00]} Kf7 {[%emt 0:00:00]} 76. Bg5 {[%emt 0:00:00]} Kg7 {[%emt 0:00:00]} 77. Bf4 {[%emt 0:00:00]} Kf6 {[%emt 0:00:00]} 78. Bg5+ {[%emt 0:00:00]} Ke5 {[%emt 0:00:00]} 79. Bf4+ {[%emt 0:00:00]} Ke4 {[%emt 0:00:00]} 80. Bg5 {[%emt 0:00:00]} Bg4 {[%emt 0:00:00]} 81. Bf4 {[%emt 0:00:00]} Kf5 {[%emt 0:00:00]} 82. Bg5 {[%emt 0:00:00] (Lag: Av=0.49s, max=1.1s) (Lag: Av=0.49s, max=1.1s) (Lag: Av=0.49s, max=1.1s)} 1/2-1/2

[Event "Stay Safe Play From Home 395"]
[Site "Emanuel Lasker Arena"]
[Date "2020.08.19"]
[Round "6"]
[White "AChessPlayer"]
[Black "Mepe_Nika"]
[Result "1-0"]
[WhiteElo "2399"]
[BlackElo "2295"]
[PlyCount "141"]
[EventDate "2020.08.19"]
[EventType "swiss (blitz)"]

1. Nf3 {[%emt 0:00:01]} Nc6 {[%emt 0:00:01]} 2. g3 {[%emt 0:00:00]} d6 {[%emt 0:00:00]} 3. Bg2 {[%emt 0:00:01]} e5 {[%emt 0:00:01]} 4. d3 {[%emt 0:00:00]} g6 {[%emt 0:00:01]} 5. e4 {[%emt 0:00:01]} Bg7 {[%emt 0:00:00]} 6. O-O {[%emt 0:00:00]} f5 {[%emt 0:00:01]} 7. Nc3 {[%emt 0:00:00]} Nf6 {[%emt 0:00:00]} 8. Bg5 {[%emt 0:00:02]} h6 {[%emt 0:00:01]} 9. Bd2 {[%emt 0:00:01]} O-O {[%emt 0:00:01]} 10. Nh4 {[%emt 0:00:01]} Kh7 {[%emt 0:00:01]} 11. exf5 {[%emt 0:00:02]} gxf5 {[%emt 0:00:02]} 12. f4 {[%emt 0:00:00]} Ng4 {[%emt 0:00:08]} 13. h3 {[%emt 0:00:02]} Nf6 {[%emt 0:00:02]} 14. Nd5 {[%emt 0:00:01]} Nxd5 {[%emt 0:00:01]} 15. Bxd5 {[%emt 0:00:00]} Ne7 {[%emt 0:00:02]} 16. Bg2 {[%emt 0:00:01]} c6 {[%emt 0:00:01]} 17. c3 {[%emt 0:00:01]} Ng6 {[%emt 0:00:01]} 18. Nxg6 {[%emt 0:00:01]} Kxg6 {[%emt 0:00:00]} 19. Be3 {[%emt 0:00:01]} Kh7 {[%emt 0:00:02]} 20. Qd2 {[%emt 0:00:00]} Qe7 {[%emt 0:00:01]} 21. Rae1 {[%emt 0:00:00]} Be6 {[%emt 0:00:01]} 22. b3 {[%emt 0:00:02]} Rg8 {[%emt 0:00:01]} 23. d4 {[%emt 0:00:01]} e4 {[%emt 0:00:01]} 24. c4 {[%emt 0:00:00]} d5 {[%emt 0:00:01]} 25. Rc1 {[%emt 0:00:02]} Bf6 {[%emt 0:00:01]} 26. Kh2 {[%emt 0:00:01]} Rg7 {[%emt 0:00:02]} 27. Rg1 {[%emt 0:00:00]} Rag8 {[%emt 0:00:01]} 28. Bf1 {[%emt 0:00:00]} Bh4 {[%emt 0:00:01]} 29. Bf2 {[%emt 0:00:02]} Bf6 {[%emt 0:00:01]} 30. Qe2 {[%emt 0:00:01]} a6 {[%emt 0:00:02]} 31. Qe3 {[%emt 0:00:01]} Qa3 {[%emt 0:00:01]} 32. Rc2 {[%emt 0:00:01]} Qb4 {[%emt 0:00:01]} 33. Be2 {[%emt 0:00:01]} Qe7 {[%emt 0:00:01]} 34. c5 {[%emt 0:00:01]} Rg6 {[%emt 0:00:01]} 35. Bh5 {[%emt 0:00:01]} R6g7 {[%emt 0:00:01]} 36. b4 {[%emt 0:00:00]} Bf7 {[%emt 0:00:01]} 37. Be2 {[%emt 0:00:00]} Rg6 {[%emt 0:00:01]} 38. a4 {[%emt 0:00:01]} Be8 {[%emt 0:00:00]} 39. Rb2 {[%emt 0:00:01]} Qg7 {[%emt 0:00:00]} 40. b5 {[%emt 0:00:01]} Bh4 {[%emt 0:00:01]} 41. bxa6 {[%emt 0:00:03]} bxa6 {[%emt 0:00:00]} 42. Bxa6 {[%emt 0:00:01]} Bf6 {[%emt 0:00:03]} 43. Rb7 {[%emt 0:00:02]} Be7 {[%emt 0:00:03]} 44. Be2 {[%emt 0:00:01]} Rf6 {[%emt 0:00:02]} 45. a5 {[%emt 0:00:00]} Re6 {[%emt 0:00:01]} 46. a6 {[%emt 0:00:00]} Bg6 {[%emt 0:00:02]} 47. a7 {[%emt 0:00:00]} Ra8 {[%emt 0:00:01]} 48. Rgb1 {[%emt 0:00:01]} Bf8 {[%emt 0:00:01]} 49. Rxg7+ {[%emt 0:00:01]} Bxg7 {[%emt 0:00:00]} 50. Rb7 {[%emt 0:00:00]} Ree8 {[%emt 0:00:00]} 51. Qb3 {[%emt 0:00:00]} Kg8 {[%emt 0:00:00]} 52. Be3 {[%emt 0:00:00]} Rec8 {[%emt 0:00:01]} 53. Qb6 {[%emt 0:00:01]} Rxa7 {[%emt 0:00:00]} 54. Rxa7 {[%emt 0:00:01]} Rf8 {[%emt 0:00:00]} 55. Qb7 {[%emt 0:00:00]} Rf7 {[%emt 0:00:00]} 56. Qb8+ {[%emt 0:00:00]} Kh7 {[%emt 0:00:00]} 57. Rxf7 {[%emt 0:00:01]} Bxf7 {[%emt 0:00:01]} 58. Qc7 {[%emt 0:00:00]} Kg6 {[%emt 0:00:00]} 59. Qxc6+ {[%emt 0:00:01]} Kh7 {[%emt 0:00:00]} 60. Qd6 {[%emt 0:00:00]} Bg6 {[%emt 0:00:00]} 61. c6 {[%emt 0:00:00]} h5 {[%emt 0:00:00]} 62. c7 {[%emt 0:00:00]} h4 {[%emt 0:00:00]} 63. c8=Q {[%emt 0:00:00]} hxg3+ {[%emt 0:00:00]} 64. Kg1 {[%emt 0:00:00]} Bf7 {[%emt 0:00:00]} 65. Qe7 {[%emt 0:00:01]} Bf8 {[%emt 0:00:00]} 66. Qh4+ {[%emt 0:00:00]} Bh6 {[%emt 0:00:01]} 67. Qxf5+ {[%emt 0:00:00]} Kg7 {[%emt 0:00:00]} 68. Bh5 {[%emt 0:00:01]} Bg6 {[%emt 0:00:00]} 69. Qxg6+ {[%emt 0:00:01]} Kh8 {[%emt 0:00:00]} 70. Qd8+ {[%emt 0:00:00]} Bf8 {[%emt 0:00:01]} 71. Qxf8# {[%emt 0:00:00] (Lag: Av=0.48s, max=1.1s) (Lag: Av=0.48s, max=1.1s) (Lag: Av=0.48s, max=1.1s)} 1-0

[Event "Stay Safe Play From Home 395"]
[Site "Emanuel Lasker Arena"]
[Date "2020.08.19"]
[Round "6"]
[White "Lamborghini"]
[Black "theCHESSHOUSE"]
[Result "1-0"]
[WhiteElo "2325"]
[BlackElo "1975"]
[PlyCount "91"]
[EventDate "2020.08.19"]
[EventType "swiss (blitz)"]

1. e4 {[%emt 0:00:02]} c6 {[%emt 0:00:01]} 2. d4 {[%emt 0:00:02]} d5 {[%emt 0:00:01]} 3. Nc3 {[%emt 0:00:00]} dxe4 {[%emt 0:00:01]} 4. Nxe4 {[%emt 0:00:00]} Nf6 {[%emt 0:00:00]} 5. Nxf6+ {[%emt 0:00:01]} exf6 {[%emt 0:00:00]} 6. Bc4 {[%emt 0:00:00]} Be6 {[%emt 0:00:02]} 7. Bxe6 {[%emt 0:00:02]} fxe6 {[%emt 0:00:00]} 8. Nf3 {[%emt 0:00:01]} Bd6 {[%emt 0:00:01]} 9. O-O {[%emt 0:00:01]} O-O {[%emt 0:00:01]} 10. Re1 {[%emt 0:00:00]} Re8 {[%emt 0:00:03]} 11. c4 {[%emt 0:00:01]} Nd7 {[%emt 0:00:01]} 12. Be3 {[%emt 0:00:01]} Qc7 {[%emt 0:00:01]} 13. h3 {[%emt 0:00:01]} Rad8 {[%emt 0:00:01]} 14. Qb3 {[%emt 0:00:01]} c5 {[%emt 0:00:03]} 15. Rad1 {[%emt 0:00:03]} a6 {[%emt 0:00:02]} 16. d5 {[%emt 0:00:02]} e5 {[%emt 0:00:02]} 17. Nh4 {[%emt 0:00:02]} g6 {[%emt 0:00:02]} 18. Qc2 {[%emt 0:00:01]} e4 {[%emt 0:00:01]} 19. Bc1 {[%emt 0:00:09]} f5 {[%emt 0:00:01]} 20. Bg5 {[%emt 0:00:04]} Rc8 {[%emt 0:00:02]} 21. Qd2 {[%emt 0:00:02]} Ne5 {[%emt 0:00:02]} 22. b3 {[%emt 0:00:00]} Nd3 {[%emt 0:00:02]} 23. Re2 {[%emt 0:00:01]} Ne5 {[%emt 0:00:06]} 24. Rde1 {[%emt 0:00:03]} b5 {[%emt 0:00:01]} 25. cxb5 {[%emt 0:00:01]} axb5 {[%emt 0:00:00]} 26. f4 {[%emt 0:00:01]} exf3 {[%emt 0:00:02]} 27. Nxf3 {[%emt 0:00:01]} Nxf3+ {[%emt 0:00:01]} 28. gxf3 {[%emt 0:00:00]} c4 {[%emt 0:00:01]} 29. Re6 {[%emt 0:00:01]} Rxe6 {[%emt 0:00:06]} 30. Rxe6 {[%emt 0:00:01]} cxb3 {[%emt 0:00:01]} 31. axb3 {[%emt 0:00:01]} Qc5+ {[%emt 0:00:02]} 32. Kg2 {[%emt 0:00:01]} Rf8 {[%emt 0:00:02]} 33. Bh6 {[%emt 0:00:01]} Rf7 {[%emt 0:00:01]} 34. Qe2 {[%emt 0:00:01]} Bf8 {[%emt 0:00:01]} 35. Re8 {[%emt 0:00:01]} Qd6 {[%emt 0:00:04]} 36. Rxf8+ {[%emt 0:00:00]} Rxf8 {[%emt 0:00:01]} 37. Bxf8 {[%emt 0:00:00]} Qxf8 {[%emt 0:00:00]} 38. Qe6+ {[%emt 0:00:01]} Kg7 {[%emt 0:00:00]} 39. d6 {[%emt 0:00:01]} Qd8 {[%emt 0:00:00]} 40. d7 {[%emt 0:00:01]} Qg5+ {[%emt 0:00:01]} 41. Kf2 {[%emt 0:00:01]} Qd2+ {[%emt 0:00:00]} 42. Kg3 {[%emt 0:00:01]} Kh6 {[%emt 0:00:00]} 43. h4 {[%emt 0:00:02]} f4+ {[%emt 0:00:00]} 44. Kg4 {[%emt 0:00:01]} Qg2+ {[%emt 0:00:00]} 45. Kxf4 {[%emt 0:00:00]} Qg3+ {[%emt 0:00:00]} 46. Ke4 {[%emt 0:00:01]} 1-0